বাংলাদেশের ছোট গল্পে মধ্যবিত্ত জীবনের রুপায়ণ : (Record no. 2453)
[ view plain ]
| 000 -LEADER | |
|---|---|
| fixed length control field | 01055nam a22002057a 4500 |
| 003 - CONTROL NUMBER IDENTIFIER | |
| control field | BD-DhJNU |
| 005 - DATE AND TIME OF LATEST TRANSACTION | |
| control field | 20260105073442.0 |
| 008 - FIXED-LENGTH DATA ELEMENTS--GENERAL INFORMATION | |
| fixed length control field | 251222b |||||||| |||| 00| 0 eng d |
| 020 ## - INTERNATIONAL STANDARD BOOK NUMBER | |
| International Standard Book Number | 9840747452 |
| 040 ## - CATALOGING SOURCE | |
| Original cataloging agency | BD-DhJNU |
| Language of cataloging | BEN |
| Transcribing agency | BD-DhJNU |
| Modifying agency | BD-DhJNU |
| 082 ## - DEWEY DECIMAL CLASSIFICATION NUMBER | |
| Edition number | 23 |
| Classification number | 891.44309 |
| 100 ## - MAIN ENTRY--PERSONAL NAME | |
| Personal name | রহমান, মোঃ মুস্তাফিজুর |
| 242 ## - TRANSLATION OF TITLE BY CATALOGING AGENCY | |
| Title | The shaping of middle-class life in Bangladeshi short stories : |
| Remainder of title | 1947-1990 / |
| Statement of responsibility, etc. | Md. Mustafizur Rahman |
| 245 ## - TITLE STATEMENT | |
| Title | বাংলাদেশের ছোট গল্পে মধ্যবিত্ত জীবনের রুপায়ণ : |
| Remainder of title | ১৯৪৭-১৯৯০ / |
| Statement of responsibility, etc. | মোঃ মুস্তফিজুর রহমান |
| 260 ## - PUBLICATION, DISTRIBUTION, ETC. | |
| Place of publication, distribution, etc. | ঢাকা : |
| Name of publisher, distributor, etc. | বাংলা একাডেমী, |
| Date of publication, distribution, etc. | 2009. |
| 300 ## - PHYSICAL DESCRIPTION | |
| Extent | ২০০পৃ. : |
| Dimensions | ২২ সে.মি । |
| 504 ## - BIBLIOGRAPHY, ETC. NOTE | |
| Bibliography, etc. note | গ্রন্থপঞ্জিগত নির্দেশিকা ও নিঘন্ট অন্তর্ভূক্ত |
| 650 ## - SUBJECT ADDED ENTRY--TOPICAL TERM | |
| Topical term or geographic name entry element | বাংলা- ছোট গল্প |
| 942 ## - ADDED ENTRY ELEMENTS (KOHA) | |
| Source of classification or shelving scheme | Dewey Decimal Classification |
| Koha item type | Books |
| Suppress in OPAC | No |
| Withdrawn status | Lost status | Source of classification or shelving scheme | Damaged status | Not for loan | Collection | Home library | Current library | Shelving location | Date acquired | Source of acquisition | Total checkouts | Full call number | Barcode | Date last seen | Copy number | Price effective from | Koha item type |
|---|---|---|---|---|---|---|---|---|---|---|---|---|---|---|---|---|---|
| Dewey Decimal Classification | Non-fiction | Jagannath University Central Library | Jagannath University Central Library | General stacks | 12/22/2025 | Purchased | 891.44309 RAS | JNUCL36378 | 12/22/2025 | 1 | 12/22/2025 | Books | |||||
| Dewey Decimal Classification | Non-fiction | Jagannath University Central Library | Jagannath University Central Library | General stacks | 12/22/2025 | Purchased | 891.44309 RAS | JNUCL36379 | 12/22/2025 | 2 | 12/22/2025 | Books | |||||
| Dewey Decimal Classification | Non-fiction | Jagannath University Central Library | Jagannath University Central Library | General stacks | 12/22/2025 | Purchased | 891.44309 RAS | JNUCL36380 | 12/22/2025 | 3 | 12/22/2025 | Books |